00827cam a22002291 450000100060000000300080000600500170001400800410003103500190007203500190009104000360011004100080014608200290015410000290018324500670021226000420027930000630032160000430038494200120042799900170043995201410045627627BD-RjUL20211209051159.0140325s1945 enkac 000 0beng  a(BD-RjUL)27706 a(BD-RjUL)27706 aDLCcODaWUdOCoLCdBD-RjULbeng aeng00a941.084092aBbTHL 19401 aThomson, Malcolm.98485614aThe life and times of Winston Churchill /cby Malcolm Thomson. aLondon,bOdhams Press limitedc[1945] a352 p. incl. front., illus. (incl. ports.)c23 cm.bill. ;10aChurchill, Winston,d1874-1965.951096 2ddccBK c27627d27627 00102ddc40728NFICaRUCLbRUCLcReadingd1955-01-31ep.c.b.sg7.13l0o941.084092 THL 1940r2014-03-25 00:00:00tC-1w2014-03-25yBK